00542nam a22001697a 450000500170000001000150001702000260003203500140005803700130007208200100008510000180009524500800011326000510019327000560024430000320030050000400033220170808122045.0 aENG-119536 a9788170547419c600.00 aEN-103068 bDBAD/PUB a362.2 aRajendran,T.  aPlight of senior citizens:c by T. Ranjendranbfamilies and old age homes / aNew Delhi bClassical Publishing Companyc2016 a28, Shopping Centre, Karampura,bNew Delhi e110015 avii,208p. ;c22cm(Hb)bill. aIncludes bibliographical references